000 00412nam a2200157Ia 4500
003 Ost
005 20260225132558.0
008 260225s9999||||xx |||||||||||||| ||und||
040 _cfsic
041 _afre
082 _a302.23
100 _aheléne briones cédric tellenne
_eAuteur
245 0 _aMondialisation environnement et dévelopement /
245 0 _cheléne briones cédric tellenne
942 _cكتاب
999 _c34565
_d34565